| 000 | 00713nam a2200241 a 4500 | ||
|---|---|---|---|
| 001 | nice12345678 | ||
| 003 | IN_TiNIC | ||
| 005 | 20260116012159.0 | ||
| 008 | 050524s1895 qada grp 000 0 urd | ||
| 020 |
_a _c100 |
||
| 082 | 0 | 0 |
_a297.86 _bAHM7 |
| 100 | _aAhmad, Mirza Ghulam | ||
| 245 |
_aNur-Ul-Qur`an No.2, Also Contains _b Al-Bushra Part 1 & II, Shahadat-Ul-Quran |
||
| 260 |
_aQadian _bMatba Anwarul Ahmadiyya _c1895 |
||
| 300 | _a84p. | ||
| 500 | _aincludes index and biblioraphy | ||
| 505 | 2 | _aalso contains nishan-e-asmani, asmani faisla siraj-e-munir and risala tuhfa-e-baghdad. | |
| 650 | _aAhmadiyyah | ||
| 700 | 1 | _aAhmad, Mirza Ghulam | |
| 902 | _bSRS | ||
| 942 | _cBK | ||
| 999 |
_c5971 _d5971 |
||